| 000 | 01236cam a2200313 a 4500 | ||
|---|---|---|---|
| 001 | 2106534 | ||
| 003 | ARRUPE | ||
| 005 | 20160823103612.0 | ||
| 008 | 960509s1996 mnua b 001 0 eng | ||
| 010 | _a 96021959 | ||
| 020 | _a081465021X | ||
| 040 |
_aDLC _cDLC _dDLC |
||
| 050 | 0 | 0 |
_aBX2250 _b.C554 1996 |
| 082 | 0 | 0 |
_a234/.165 _220 |
| 245 | 0 | 0 |
_aChristian marriage and family : _bcontemporary theological and pastoral perspectives / _cedited by Michael G. Lawler and William P. Roberts. |
| 260 |
_aCollegeville, Minn. : _bLiturgical Press, _cc1996. |
||
| 300 |
_avii, 208 p. : _bill. ; _c23 cm. |
||
| 504 | _aIncludes bibliographical references and index. | ||
| 610 | 2 | 0 |
_aCatholic Church _xMembership. _925257 |
| 610 | 2 | 0 |
_aCatholic Church _xDoctrines. _925258 |
| 650 | 0 |
_aMarriage _xReligious aspects _xCatholic Church. _925259 |
|
| 650 | 0 |
_aFamilies _xReligious life. _915805 |
|
| 650 | 0 |
_aPastoral theology _xCatholic Church. _925260 |
|
| 700 | 1 |
_aLawler, Michael G. _925261 |
|
| 700 | 1 |
_aRoberts, William P., _d1931- _977 |
|
| 906 |
_a7 _bcbc _corignew _d1 _eocip _f19 _gy-gencatlg |
||
| 942 |
_2lcc _cMONOGRAPH |
||
| 999 |
_c125062 _d125062 |
||